000 00508nam a2200193Ia 4500
005 20250326124322.0
008 250326s9999 xx 000 0 und d
037 _aTextbook
040 _aFMSL
_beng
_cFMSL
041 _aeng
_2eng
084 _aX:51ot8 M8;7
_qFMSL
100 _aKotler P
245 0 _aMarketing management
_cKotler P
250 _a6
260 _aNew Delhi
_bNew Delhi, Prentice-Hall
_c1988
300 _a777p
942 _cTB
_hX:51ot8 M8;7
999 _c1273248
_d1273248